| 000 | 00543nam a22001817a 4500 | ||
|---|---|---|---|
| 005 | 20251108173717.0 | ||
| 008 | 250721s2006 xx 000 0 ara d | ||
| 082 | 1 | 4 | _a935/ك |
| 100 | 1 | _aكوسى، جورج | |
| 245 | 1 | 0 | _aأعرق الحضارات / |
| 264 | 1 |
_aدمشق : _bدار الفرقد للنشر و التوزيع، _c2006. |
|
| 300 | _a123 ص. | ||
| 650 | 1 | 7 | _aالتاريخ القديم |
| 650 | 1 | 7 | _aتاريخ سوريه القديم |
| 650 | 1 | 7 | _aالحضارات القديمه |
| 942 |
_2ddc _cBK |
||
| 999 |
_c110557 _d110557 |
||